000 00723cab a2200253 4500
001 ABS58857
008 090401t1998 xxu||||| |||| 00| 0 eng d
035 _a(Sirsi) u86982
041 _aeng
100 _aFanning, D.
245 _aFee containers
260 _c1998
350 _a0
490 _aEstates Gazette
_v(9824) 13 June 1998, 62-63(2)
520 _aDiscusses the growth of the self-storage industry in the US and the potential for the expansion of the UK self-storage business.
650 _aARCHIVES
650 _aDOCUMENT STORAGE
650 _aFURNITURE
650 _aINVESTMENT MARKET
650 _aSELF-STORAGE
690 _aPROPERTY-COMMERCIAL PROPERTY
942 _n0
948 _c24/06/1998
999 _c54785
_d54785